Welcome to the Holygrace Academy Library

Please use search bar below to get started

TRISHNA'S PHYSICS FOR CLASS IX (Record no. 904)

MARC details
000 -LEADER
fixed length control field 00376nam a22001337a 4500
020 ## - INTERNATIONAL STANDARD BOOK NUMBER
ISBN 978-81-317-2846-8
082 ## - DEWEY DECIMAL CLASSIFICATION NUMBER
Classification number 530
Item number TRI/P
100 ## - MAIN ENTRY--AUTHOR NAME
Personal name TRISHNA KNOWLEDGE SYSTEMS
245 ## - TITLE STATEMENT
Title TRISHNA'S PHYSICS FOR CLASS IX
Remainder of title THE IOIT FOUNDATION SERIES
260 ## - PUBLICATION, DISTRIBUTION, ETC. (IMPRINT)
Place of publication DELHI
Name of publisher PEARSON PUBLICATION
Year of publication 2009
300 ## - PHYSICAL DESCRIPTION
Number of Pages 536
650 ## - SUBJECT ADDED ENTRY--TOPICAL TERM
Topical Term IIT FOUNDATION PHYSICS FOR CLASS IX
Geographic subdivision INDIA
942 ## - ADDED ENTRY ELEMENTS (KOHA)
Koha item type Books
Holdings
Withdrawn status Lost status Collection code Home library Current library Shelving location Date acquired Source of acquisition Full call number Accession Number Koha item type
    Reference Main Library Main Library SHELF 7C CLASS IX SCIENCE&PHYSIC 15/05/2014 purchase 530 TRI/P 08825 Books
    Reference Main Library Main Library SHELF 7C CLASS IX SCIENCE&PHYSIC 15/05/2014 purchase 530 TRI/P 08824 Books